000 00489nam a22001697a 4500
003 OSt
005 20120302144938.0
008 090415t xxu||||| |||| 00| 0 eng d
035 _a२३४२
040 _cमराठी
100 _aखरे , सुरेश
_93403
245 _aएका घरात होती
250 _a१ ली
260 _aपुणे
_bजोशी ब्रदर्स
_c१९७२
300 _b९३ पाने
942 _2ddc
_cBOOK
999 _c488570
_d488567